Označovanie potravín

Bibliographic Details
Main Author: Gavorníková, Veronika (Author)
Format: Article
Language:Slovak
ISSN:1335-2008
Subjects:

MARC

LEADER 00000nab a2200000 a 4500
001 vtls000871748
003 SK-MaSNL
005 20260302162131.0
008 040806c2004 xo 0 slo
015 |a SNBRB2004/05-14057 
035 |a CLN000223300 
040 |a SNKBUCL  |b slo  |c SNKBUCL  |e AACR2 
041 0 |a slo 
044 |a xo  |c SK 
080 |a 366.64:663/664  |2 UDC-MRF-SK2 
080 |a 663/664  |2 UDC-MRF-SK2 
100 1 |a Gavorníková, Veronika  |4 aut  |9 861274 
245 1 0 |a Označovanie potravín  |c Veronika Gavorníková 
500 |a Publikované aj v časopise Marketingová panoráma. - Roč. 2., č. 3-4 (2004), s. 40-41 
650 0 7 |a označovanie potravín  |2 snkbucl  |9 19441 
650 0 7 |a potraviny  |x označovanie  |2 snkbucl  |9 861275 
655 7 |a články z novín a časopisov  |2 snkbucl  |9 267496 
773 0 |x 1335-2008  |t Obchod  |g Roč. 9, (apríl 2004), s. 42 
850 |a Slovenská národná knižnica v Martine 
852 |a SNK  |b KIS3GCP 
999 |c 1379229  |d 1381159